Normal view
MARC view
- Burge, Susan ; Wallis, Dinny; Matin, Rubeta
Entry Personal Name
001 - CONTROL NUMBER
- control field: 114129
003 - CONTROL NUMBER IDENTIFIER
- control field: NUST
005 - DATE AND TIME OF LATEST TRANSACTION
- control field: 20230815153035.0
008 - FIXED-LENGTH DATA ELEMENTS
- fixed length control field: 230815|| aca||aabn | a|a d
040 ## - CATALOGING SOURCE
- Original cataloging agency: NUST
- Transcribing agency: NUST
100 ## - HEADING--PERSONAL NAME
- Personal name: Burge, Susan ; Wallis, Dinny; Matin, Rubeta
670 ## - SOURCE DATA FOUND
- Source citation: Work cat.: (NUST): Burge, Susan ; Wallis, Dinny; Matin, Rubeta;, Oxford Handbook of Medical Dermatology /, 2017.
